000 00701nam a2200229Ia 4500
005 20221207113608.0
008 131103s9999 xx 000 0 und d
020 _aSBN 43445510X
040 _aLoreto College
041 _aEnglish
082 _a821.91
_bLAW-MAR
100 _aMarshall, Tom
245 4 _aThe Psychic Mariner
_b a reading of the poems of D. H. Lawrence
_cTom Marshall
260 _aLondon
_bHeinemann
_c1970
300 _a275 p.
504 _aIncludes bibliographical references and index
630 _aLawrence, David Herbert - Poetry and Criticism
650 _aLawrence, David Herbert - Poetry and Criticism
651 _aEnglish Poetry
850 _aLCLIB
942 _cBK
999 _c6572
_d57051